| 000 | 01230nam0a22003011 4500 | ||
|---|---|---|---|
| 001 | rc\4329383 | ||
| 005 | 20250612051422.0 | ||
| 021 |
_aRU _b[57-17704ж] |
||
| 035 | _a(NLR Aleph) 008517167 | ||
| 090 |
_a8205693 _c8205693 |
||
| 100 | _a20130416d1957 |||y0rusy50 ca | ||
| 101 | 0 | _arus | |
| 102 | _aRU | ||
| 105 | _aa z ||||| | ||
| 200 | 1 |
_aТрехшпиндельный гравировальный станок _e[Моск. завод "Калибр"] |
|
| 210 |
_aМосква _cЦБТИ _d1957 |
||
| 215 |
_a8 с., 2 л. черт. _cил. _d20 |
||
| 225 | 1 |
_aОбмен опытом в станкостроительной и инструментальной промышленности _v№ 34 |
|
| 300 | _aАвт. указаны в конце текста | ||
| 606 |
_aГравировальные машины _2psbo |
||
| 700 | 1 |
_4070 _7ca _8rus _aВолков _bВ. М. _cинженер, шлифовальные станки _gВалентин Михайлович _9270377 _3RU\NLR\AUTH\770270433 |
|
| 701 | 1 |
_aКуцовский _bФ.В. _gФилипп Вениаминович |
|
| 801 | 0 |
_aRU _bNLR _gpsbo |
|
| 801 | 1 |
_aRU _bELAR _2rusmarc |
|
| 852 |
_aNLR _jП10/1433 |
||
| 942 | _cBOOK | ||
| 980 | _aNB | ||